[Event "Iberoamerican-ch 9th"]
[Site "Panama City"]
[Date "2023.11.30"]
[Round "7"]
[White "Ardila, Oscar Humberto"]
[Black "Kushinakajo, Theo"]
[Result "0-1"]
[WhiteElo "1979"]
[BlackElo "1530"]
[PlyCount "62"]
[EventDate "2023.11.25"]
[EventType "swiss"]
[EventRounds "9"]
[EventCountry "PAN"]
[SourceTitle "CB49_2023"]
[SourceDate "2023.12.06"]
[SourceVersion "1"]
[SourceVersionDate "2023.12.06"]
[SourceQuality "1"]

1. d4 Nf6 2. c4 g6 3. Nc3 d5 4. cxd5 Nxd5 5. e4 Nxc3 6. bxc3 Bg7 7. Bc4 c5 8. Ne2 Nc6 9. Be3 0-0 10. 0-0 Bg4 11. f3 Na5 12. Bb5 cxd4 13. cxd4 Bc8 14. Qd2 Nc6 15. Rfc1 Bd7 16. Rab1 a6 17. Bxc6 Bxc6 18. d5 Bb5 19. Nd4 Qd7 20. Rb4 Rfc8 21. Rxc8+ Rxc8 22. Nxb5 axb5 23. Qd3 Rc3 24. Qe2 Qc7 25. Rxb5 Rc1+ 26. Bxc1 Qxc1+ 27. Kf2 Bd4+ 28. Kg3 Qg5+ 29. Kh3 Qh5+ 30. Kg3 g5 31. h3 Bg1 0-1

[Event "Iberoamerican-ch 9th"]
[Site "Panama City"]
[Date "2023.11.29"]
[Round "6"]
[White "Rodriguez Lascano, Eliut Booz"]
[Black "Ardila, Oscar Humberto"]
[Result "0-1"]
[WhiteElo "1672"]
[BlackElo "1979"]
[PlyCount "106"]
[EventDate "2023.11.25"]
[EventType "swiss"]
[EventRounds "9"]
[EventCountry "PAN"]
[SourceTitle "CB49_2023"]
[SourceDate "2023.12.06"]
[SourceVersion "1"]
[SourceVersionDate "2023.12.06"]
[SourceQuality "1"]

1. Nf3 Nf6 2. d4 b6 3. c4 Bb7 4. Nc3 e6 5. e3 Bb4 6. Bd3 Bxc3+ 7. bxc3 Ne4 8. Qc2 f5 9. 0-0 0-0 10. Ne1 Qh4 11. f3 Ng5 12. Qf2 Qxf2+ 13. Rxf2 Nc6 14. h4 Nf7 15. e4 Nd6 16. e5 Nf7 17. f4 Na5 18. Nc2 Nh6 19. Ne3 Ba6 20. Ba3 Rfc8 21. Bb4 Nb7 22. Rd2 c5 23. Ba3 Rc7 24. d5 Na5 25. d6 Rcc8 26. Be2 Rf8 27. Rb1 Rac8 28. Kf1 Ng4 29. Nxg4 fxg4 30. g3 Bxc4 31. Bc1 Kf7 32. Kf2 Bxe2 33. Rxe2 Kg6 34. Ke1 Kf5 35. Kf2 g6 36. Kf1 h6 37. Kg1 Nc4 38. Kf2 a6 39. a4 Rb8 40. Be3 Rfc8 41. Bc1 Rb7 42. Be3 b5 43. axb5 axb5 44. Ra1 b4 45. cxb4 cxb4 46. Bd4 Na3 47. Raa2 Rc4 48. Bb2 Ra7 49. Bxa3 Rxa3 50. Rxa3 bxa3 51. Ra2 Rc3 52. Re2 Rf3+ 53. Kg2 Rb3 0-1

[Event "Titled Tuesday intern op 26th Sep Early"]
[Site "Chess.com INT"]
[Date "2023.09.26"]
[Round "8"]
[White "Ardila, Oscar Humberto"]
[Black "Heinemann, Josefine"]
[Result "0-1"]
[WhiteElo "1979"]
[BlackElo "2296"]
[PlyCount "140"]
[EventDate "2023.09.26"]
[EventType "swiss (blitz)"]
[EventRounds "11"]
[EventCountry "USA"]
[SourceTitle "EXT 2024"]
[Source "ChessBase"]
[SourceDate "2023.10.10"]
[SourceVersion "1"]
[SourceVersionDate "2023.10.10"]
[SourceQuality "1"]

1. d4 d5 2. c4 c6 3. cxd5 cxd5 4. Nc3 Nc6 5. Nf3 Nf6 6. Bg5 e6 7. e3 Be7 8. Bd3 0-0 9. 0-0 h6 10. Bh4 b6 11. Rc1 Nb4 12. Bb1 Ba6 13. Re1 Rc8 14. a3 Nc6 15. b4 Bc4 16. Nd2 Nb8 17. Nxc4 Rxc4 18. Qd3 Nbd7 19. Nb5 a6 20. Nc3 Qc7 21. Ne2 Rc8 22. Rxc4 Qxc4 23. Qxc4 Rxc4 24. Rc1 a5 25. bxa5 bxa5 26. Bd3 Rxc1+ 27. Nxc1 Bxa3 28. Nb3 Bb4 29. Bb5 Nb6 30. Nc5 Kf8 31. Na4 Nxa4 32. Bxa4 Ne4 33. f3 Nc3 34. Bc2 a4 35. Be1 a3 36. Bxc3 Bxc3 37. Bb3 Ke7 38. Kf1 Kd6 39. Ke2 Kc6 40. Kd3 Be1 41. e4 dxe4+ 42. fxe4 Kb5 43. d5 e5 44. h3 f6 45. Ba2 Bb4 46. Bb3 Kc5 47. Ba2 Ba5 48. Bb3 Kb4 49. Ba2 Bc7 50. Kc2 h5 51. g4 h4 52. Kd3 Bd6 53. Kc2 Kc5 54. Kd3 Kb6 55. Kc4 g6 56. Bb3 Kc7 57. Ba2 Kd7 58. Kb3 Ke7 59. Bb1 Kf7 60. Kc4 Kg7 61. Kb5 f5 62. exf5 gxf5 63. gxf5 e4 64. Kc4 e3 65. Kd3 Bc5 66. d6 Kf6 67. Ba2 Kxf5 68. d7 Bb6 69. Ke2 Kf4 70. Bc4 Kg3 0-1